000 00623nam a22001817a 4500
005 20251108174858.0
008 250721s2001 xx 000 0 ara d
020 _a2844095798
082 1 4 _aط/372.3/هوي
100 1 _aهويت، سالي
245 1 0 _aلماذا لا أستطيع الطيران مثل سوبرمان؟ وأسئلة أخرى حول الحركة /
264 1 _aبيروت :
_bالدار العربية للعلوم،
_c2001.
300 _a29ص.
490 0 _aلماذا لا أستطيع
653 _aاطفال مرحلة متوسطة (6-9) سنوات
942 _2ddc
_cBK
999 _c120459
_d120459